<?xml version="1.0" encoding="UTF-8"?>
<record
    xmlns:xsi="http://www.w3.org/2001/XMLSchema-instance"
    xsi:schemaLocation="http://www.loc.gov/MARC21/slim http://www.loc.gov/standards/marcxml/schema/MARC21slim.xsd"
    xmlns="http://www.loc.gov/MARC21/slim">

  <leader>01312nam a22002535i 4500</leader>
  <controlfield tag="001">166373</controlfield>
  <controlfield tag="003">ES-MaACL</controlfield>
  <controlfield tag="005">20250814001603.0</controlfield>
  <controlfield tag="008">030328s1887    sp           |||| | spa d</controlfield>
  <datafield tag="100" ind1="1" ind2=" ">
    <subfield code="a">Tolosa Latour, Manuel,</subfield>
    <subfield code="d">1857-1919</subfield>
    <subfield code="9">110485</subfield>
  </datafield>
  <datafield tag="245" ind1="1" ind2="0">
    <subfield code="a">Higiene del trabajo en la segunda infancia </subfield>
    <subfield code="b">: cartilla premiada en el concurso p&#xFA;blico de 1887 / </subfield>
    <subfield code="c">escrita por Manuel de Tolosa Latour.</subfield>
  </datafield>
  <datafield tag="260" ind1=" " ind2=" ">
    <subfield code="a">Madrid : </subfield>
    <subfield code="b">Sociedad Espa&#xF1;ola de Higiene, </subfield>
    <subfield code="c">1887 (</subfield>
    <subfield code="f">R. Velasco, imp.)</subfield>
  </datafield>
  <datafield tag="300" ind1=" " ind2=" ">
    <subfield code="a">23 p. ; </subfield>
    <subfield code="c">17 cm.</subfield>
  </datafield>
  <datafield tag="490" ind1="1" ind2=" ">
    <subfield code="a">Publicaciones de la Sociedad Espa&#xF1;ola de Higiene. Tercer concurso de premios</subfield>
  </datafield>
  <datafield tag="650" ind1=" " ind2=" ">
    <subfield code="a">Ni&#xF1;os-</subfield>
    <subfield code="x">Salud e higiene.</subfield>
    <subfield code="9">15557</subfield>
  </datafield>
  <datafield tag="710" ind1="2" ind2=" ">
    <subfield code="a">Sociedad Espa&#xF1;ola de Higiene- </subfield>
    <subfield code="k">Memorias premiadas</subfield>
    <subfield code="9">6727</subfield>
  </datafield>
  <datafield tag="830" ind1="1" ind2=" ">
    <subfield code="a">Publicaciones de la Sociedad Espa&#xF1;ola de Higiene. Tercer concurso de premios</subfield>
    <subfield code="9">222549</subfield>
  </datafield>
  <datafield tag="852" ind1=" " ind2=" ">
    <subfield code="a">ES-MaACL</subfield>
    <subfield code="j">FOLL-Laf-580</subfield>
    <subfield code="9">172761</subfield>
    <subfield code="c">DEPOF</subfield>
    <subfield code="f">Sello en tinta en portada: "Ateneo de Madrid. Legado M. de la fuente"</subfield>
    <subfield code="f">Sello en tinta en portada: "Ateneo de Madrid. Biblioteca"</subfield>
    <subfield code="h">Legado: M. de la Fuente</subfield>
  </datafield>
  <datafield tag="852" ind1=" " ind2=" ">
    <subfield code="a">ES-MaACL</subfield>
    <subfield code="j">T-480-F-8   </subfield>
    <subfield code="c">DEPOF</subfield>
    <subfield code="x">Enc. hol.   </subfield>
    <subfield code="x">Enc. en un vol. facticio</subfield>
    <subfield code="9">172760 </subfield>
  </datafield>
  <datafield tag="903" ind1=" " ind2=" ">
    <subfield code="9">69535</subfield>
    <subfield code="a">Lafuente, Modesto,</subfield>
    <subfield code="q">1</subfield>
    <subfield code="d">1806-1866</subfield>
    <subfield code="e">dnr</subfield>
  </datafield>
  <datafield tag="942" ind1=" " ind2=" ">
    <subfield code="2">udc</subfield>
    <subfield code="c">FOLLETOS</subfield>
  </datafield>
  <datafield tag="999" ind1=" " ind2=" ">
    <subfield code="c">166373</subfield>
    <subfield code="d">166373</subfield>
  </datafield>
  <datafield tag="952" ind1=" " ind2=" ">
    <subfield code="0">0</subfield>
    <subfield code="1">0</subfield>
    <subfield code="4">0</subfield>
    <subfield code="7">0</subfield>
    <subfield code="8">Colecci&#xF3;n_de_folletos</subfield>
    <subfield code="a">ATENEOM</subfield>
    <subfield code="b">ATENEOM</subfield>
    <subfield code="c">DEPOF</subfield>
    <subfield code="d">2008-01-17</subfield>
    <subfield code="l">0</subfield>
    <subfield code="o">T-480-F-8</subfield>
    <subfield code="p">1174488</subfield>
    <subfield code="r">2023-02-23 00:00:00</subfield>
    <subfield code="w">2023-02-23</subfield>
    <subfield code="y">FOLLETOS</subfield>
  </datafield>
  <datafield tag="952" ind1=" " ind2=" ">
    <subfield code="0">0</subfield>
    <subfield code="1">0</subfield>
    <subfield code="2">udc</subfield>
    <subfield code="4">0</subfield>
    <subfield code="7">0</subfield>
    <subfield code="8">Colecci&#xF3;n_de_folletos</subfield>
    <subfield code="a">ATENEOM</subfield>
    <subfield code="b">ATENEOM</subfield>
    <subfield code="c">DEPOF</subfield>
    <subfield code="d">2008-01-17</subfield>
    <subfield code="e">LEGADO</subfield>
    <subfield code="l">0</subfield>
    <subfield code="o">FOLL-Laf-580</subfield>
    <subfield code="p">1174487</subfield>
    <subfield code="r">2023-02-23 00:00:00</subfield>
    <subfield code="w">2023-02-23</subfield>
    <subfield code="y">FOLLETOS</subfield>
  </datafield>
</record>
